Normal view
MARC view
Entry Personal Name
001 - CONTROL NUMBER
- control field: 1209
003 - CONTROL NUMBER IDENTIFIER
- control field: BD-RjUL
005 - DATE AND TIME OF LATEST TRANSACTION
- control field: 20220208103822.0
008 - FIXED-LENGTH DATA ELEMENTS
- fixed length control field: 220208|| aca||aabn | a|a d
040 ## - CATALOGING SOURCE
- Original cataloging agency: BD-RjUL
- Transcribing agency: BD-RjUL
100 ## - HEADING--PERSONAL NAME
- Personal name: MOIN, JULIA
670 ## - SOURCE DATA FOUND
- Source citation: Work cat.: (BD-RjUL)79342: MOIN, JULIA, Empowerment women and their participation in local Government politics :, 2003